| 000 | 00818nam a22002537a 4500 | ||
|---|---|---|---|
| 003 | DO-SdBNP | ||
| 005 | 20180216152241.0 | ||
| 008 | 180216b 2014 dr a ||| 00| 0 spa d | ||
| 020 | _a9789945497212 | ||
| 040 |
_aBPMSU _bspa _cBPMSU |
||
| 082 |
_axxx _bxxxx |
||
| 100 | 1 | _aCoronado, Dinorah | |
| 245 | 1 | 3 |
_aEl aviador : _bla historia de Zoilo Hermógenes García / _cDinorah Coronado, Ruth Herrera |
| 260 |
_aSanto Domingo; _bSantillana, _c2014 |
||
| 300 |
_a118 p. _bil. _c21 cm. |
||
| 490 | 0 | _aAlfaguara juvenil | |
| 500 | _aLa biblioteca posee un ejemplar autografiado por una de las autoras. | ||
| 500 | _aIncluye datos biográficos de las autoras. | ||
| 700 | 1 | _aHerrera, Ruth | |
| 830 | 0 | _aAlfaguara juvenil | |
| 942 |
_2ddc _cBK |
||
| 945 | _aInventariado, 2018/ YL | ||
| 956 |
_aYLOCKWARD _b10 _cBPMSU |
||
| 999 |
_c13307 _d13307 |
||